00477 2200181 4500001002100000005001500021008004100036020001800077035001900095041000700114082001000121090001600131100002500147245005300172260004100225300001900266650001000285INLIS00000000000860520241224113658241224||||||||| | ||| |||| || |  a979-692-858-2 0010-1224008605 aid0 a297.9 a297.9 SAR s0 asari pusparini soleh00aSang Pengunjung Langit : Kisah Nabi Muhammad (1) aBandungbpt. Remaja rosdakaryac2008 a36 hlm.; 28 cm 0aAgama